00770nam a2200193 i 450000100060000000300090000600500170001500700030003200800410003508000240007610000290010024502010012926000410033030000300037165100740040170000410047570000270051685200330054314450ES-MaACL20230906150821.0t|990315s1997 sp ||||1| spa d a903(468.17 Ardales)1 aCantalejo Duarte, Pedro.10aCueva de Ardales b: guía del legado histórico y social : 175º Aniversario del descubrimiento (1821-1996) / cPedro Cantalejo Duarte, María del Mar Espejo Herrerías, José Ramos Muñoz. aArdales : bMuseo Municipal, c1997. a108 p. : bil. ; c24 cm. 4aCueva de Ardales (Málaga)-xRestos arqueológicos prehistóricos.1 aEspejo Herrerías, María del Mar.1 aRamos Muñoz, José. aES-MaACLjL-21662 bR.126970